| 000 | 00653nam a2200193 i 4500 | ||
|---|---|---|---|
| 001 | 70699 | ||
| 003 | ES-MaACL | ||
| 005 | 20250907063048.0 | ||
| 007 | t| | ||
| 008 | 040802s1948 ag ||||1| spa d | ||
| 100 | 1 |
_aGarma, Ángel, _d1904-1993 _955572 |
|
| 245 | 1 | 0 |
_aPsicoanálisis de los sueños / _cAngel Garma. |
| 250 | _a2ª ed., muy amp. e ilustrada. | ||
| 260 |
_aBuenos Aires : _bAsociación Psicoanalítica Argentina, _c1948 ( _fSebastián de Amorrortu) |
||
| 300 |
_a472 p., 17 lám. : _bil. ; _c23 cm. |
||
| 710 | 2 |
_aAsociación Psicoanalítica Argentina. _91789 |
|
| 852 |
_aES-MaACL _jD-6685 _bR.30786 |
||
| 999 |
_c70699 _d70699 |
||